Pri kolíske poľnohospodárskeho bankovníctva na Slovensku 150. výročie vzniku prvého roľnícko-úverového spolku v Európe
Spolok gazdovský (zal. 9.2.1845 v Sobotišti) vznikol ako úverové družstvo na princípe svojpomoci z iniciatívy učiteľa Samuela Jurkoviča. Bol to prvý ľudový peňažný ústav družstevného typu v Európe.
Enregistré dans:
| Auteur principal: | |
|---|---|
| Format: | Chapitre de livre |
| Langue: | slovaque |
| Sujets: | |
| Tags: |
Pas de tags, Soyez le premier à ajouter un tag!
|
MARC
| LEADER | 00000naa a2200000 4500 | ||
|---|---|---|---|
| 001 | r024666 | ||
| 005 | 20221205101345.2 | ||
| 041 | 0 | |a slo | |
| 044 | |a SK | ||
| 245 | 1 | 0 | |a Pri kolíske poľnohospodárskeho bankovníctva na Slovensku |b 150. výročie vzniku prvého roľnícko-úverového spolku v Európe |c S. Cambel |
| 520 | |a Spolok gazdovský (zal. 9.2.1845 v Sobotišti) vznikol ako úverové družstvo na princípe svojpomoci z iniciatívy učiteľa Samuela Jurkoviča. Bol to prvý ľudový peňažný ústav družstevného typu v Európe. | ||
| 610 | 2 | 0 | |a bankovníctvo |
| 610 | 2 | 0 | |a poľnohospodárstvo |
| 610 | 2 | 0 | |a história |
| 610 | 2 | 0 | |a 1845 |
| 610 | 2 | 0 | |a Sobotište |
| 610 | 2 | 0 | |a Slovensko |
| 610 | 2 | 0 | |a Jurkovič, S. |
| 610 | 2 | 0 | |a družstvá svojpomocné |
| 610 | 2 | 0 | |a ústavy úverové |
| 610 | 2 | 0 | |a družstevníctvo |
| 100 | 1 | |a Cambel, S. | |